| 000 | 00545nam a2200193 u 4500 | ||
|---|---|---|---|
| 005 | 20230310063615.0 | ||
| 008 | 100507s2004 es r 000 0 spa d | ||
| 020 | _a8426134009 | ||
| 035 | _aUPN01000175673 | ||
| 049 | _aCG | ||
| 050 | 4 |
_aPR4558 _bA6.8a |
|
| 100 | 1 |
_aDickens, Charles, _d1812-1870 |
|
| 245 | 1 | 0 |
_aDavid Copperfield / _cCharles Dickens ; tr. Rosa Cabrera. |
| 260 |
_aBarcelona, Esp. : _bJuventud, _c2004. |
||
| 300 | _a815 p. | ||
| 440 | 0 |
_aLibros de bolsillo Z. _pNovelas |
|
| 650 | 4 |
_aNovela inglesa _94471 |
|
| 905 | _aLibro | ||
| 999 |
_c147776 _d147776 |
||